000 00381 a2200145 4500
001 169316
020 _a
040 _cMagnum
100 _aAgencia Regional de Noticias
240 1 0 _aClipping em educacao - 11/10/99 a 17/10/99 - ano i - nº 09
_lpor
245 1 0 _aClipping em educacao - 11/10/99 a 17/10/99 - ano i - nº 09
362 0 _a1899
697 _aGERAL
942 _cBK
999 _c169316
_d169316